Africa True or False? - Statistics

General Stats
  • This quiz has been taken 183 times
  • The average score is 12 of 15
Answer Stats
Question Answer % Correct
Africa is the most populous continent in the world False
93%
Johannesburg is the capital of South Africa False
93%
The Nile River Basin is mostly jungle False
86%
Mount Kilimanjaro is the tallest mountain in Africa True
86%
The leopard is one of the "Big Five" African game animals True
86%
Angola was colonized by Portugal True
86%
The word "Tanzania" is a hybrid between Tanganyika and Zanzibar True
86%
Africa has a lower nominal gross domestic product (GDP) than Japan True
86%
Victoria Falls, a world famous landmark, is located on the Congo River False
71%
Cyprus is closer to Africa than it is to mainland Europe True
71%
Africa is projected to have the world's three largest cities by 2100 (source) True
71%
Africa has wild tigers False
64%
Saharan countries produce about 20% of the world's oil False
64%
The Cape of Good Hope is the southernmost point in Africa False
57%
Osiris was the ancient Egyptian god of the dead True
57%
No matching quizzes found
Score Distribution
Percent of People with Each Score
Percentile by Number Answered
Your Score History
You have not taken this quiz